000 00825nas a2200301 4500
001 BR0401463
003 BR-BrBNA
005 20231205104422.0
007 ta
008 230509b bl.|||p| |||| 00| 00por d
040 _aBR-BrBNA
_bpor
_cBiblioteca Nacional de Agricultura
041 _a(Pt)
072 _aE10; E14
100 1 _aCampelo Júnior, A.
100 1 _aBraga, J.F.
245 1 _aSondagem otimista
650 _aECONOMIA
650 _aMACROECONOMIA
650 _aANÁLISE ECONÔMICA
650 _aCRESCIMENTO ECONÔMICO
650 _aINDÚSTRIA
650 _aEMPREGO
650 _aEXPORTAÇÃO
650 _aIMPORTAÇÃO
773 0 _tConjuntura Econômica (Brazil)
_xISSN 0010-5945
_g(Dec-2003), v. 57(12) p. 24-27
_wBR0401463
909 _a202311
_bLúcia
_c55
_dLúcia Elande
942 _2AGRIS
_n0
_cANA
999 _c178043
_d178043